Código de ética del odontólogo colombiano : (Registro nro. 27864)

Detalles MARC
000 -LEADER
fixed length control field 00722nam a22001937a 4500
003 - CONTROL NUMBER IDENTIFIER
control field CO-CtgCURN
005 - DATE AND TIME OF LATEST TRANSACTION
control field 20250401170338.0
008 - FIXED-LENGTH DATA ELEMENTS--GENERAL INFORMATION
fixed length control field 250401b |||||||| |||| 00| 0 eng d
040 ## - CATALOGING SOURCE
Transcribing agency coctgcurn
082 ## - DEWEY DECIMAL CLASSIFICATION NUMBER
Classification number 174.61
Item number M779
245 ## - TITLE STATEMENT
Title Código de ética del odontólogo colombiano :
Remainder of title Ley no. 35 del 8 de Marzo de 1989 /
Statement of responsibility, etc. [ed.] Víctor Hugo Montes Campuzano.
260 ## - PUBLICATION, DISTRIBUTION, ETC.
Place of publication, distribution, etc. Bogotá :
Name of publisher, distributor, etc. Federación Odontológica Colombiana,
Date of publication, distribution, etc. 1989.
300 ## - PHYSICAL DESCRIPTION
Extent 19 páginas.
650 ## - SUBJECT ADDED ENTRY--TOPICAL TERM
Topical term or geographic name entry element Ética profesional.
650 ## - SUBJECT ADDED ENTRY--TOPICAL TERM
Topical term or geographic name entry element Ética del odontólogo
General subdivision Legislación.
650 ## - SUBJECT ADDED ENTRY--TOPICAL TERM
Topical term or geographic name entry element Ley n°. 35 de 1989.
General subdivision Tesauro Jurídico
700 ## - ADDED ENTRY--PERSONAL NAME
Personal name Montes Campuzano, Víctor Hugo
Relator term editor
942 ## - ADDED ENTRY ELEMENTS (KOHA)
Source of classification or shelving scheme Dewey Decimal Classification
Koha item type Libros
Classification part 174.61
Item part M779
Suppress in OPAC No
Existencias
Withdrawn status Lost status Source of classification or shelving scheme Damaged status Not for loan Collection Home library Current library Shelving location Date acquired Inventory number Total checkouts Full call number Barcode Date last seen Price effective from Koha item type Public note
    Dewey Decimal Classification     General Miguel Henríquez Emiliani Miguel Henríquez Emiliani General 04/01/2025 024224   174.61 M779 024224 04/01/2025 04/01/2025 Libros 170-ETICA